Medzinárodný platobný styk a platobné prostriedky v cestovnom ruchu

Guardado en:
Detalles Bibliográficos
Autor principal: Jančíková, Eva, 1960-
Otros Autores: Korauš, Antonín, Straka, Branislav
Formato: Capítulo de libro
Lenguaje:eslovaco
Etiquetas: Agregar Etiqueta
Sin Etiquetas, Sea el primero en etiquetar este registro!

MARC

LEADER 00000naa$a2200000$$$4500
001 0117979
005 20240502072323.9
041 0 |a slo 
044 |a SK 
245 1 0 |a Medzinárodný platobný styk a platobné prostriedky v cestovnom ruchu  |c Eva Jančíková, Anton Korauš, Branislav Straka 
100 1 |a Jančíková, Eva, 1960- 
700 1 |a Korauš, Antonín 
700 1 |a Straka, Branislav